000 00381nam a2200157Ia 4500
008 210210b1883 xxu||||| |||| 00| 0 eng d
041 _aeng
082 _a829/1027
100 _aStevenson (R L)
245 _aTreasure Island
260 _aGreat Britan
_bOxford University Press
_c1883
650 _aTreasure
650 _aIsland
690 _aEnglish Fiction
906 _a017642
999 _c137626
_d137626